Baharey baharolay (Record no. 570835)
[ view plain ]
| 000 -LEADER | |
|---|---|
| fixed length control field | 00464nam a22001697a 4500 |
| 003 - CONTROL NUMBER IDENTIFIER | |
| control field | CEME |
| 005 - DATE AND TIME OF LATEST TRANSACTION | |
| control field | 20210628202734.0 |
| 008 - FIXED-LENGTH DATA ELEMENTS--GENERAL INFORMATION | |
| fixed length control field | 210204b xxu||||| |||| 00| 0 eng d |
| 040 ## - CATALOGING SOURCE | |
| Transcribing agency | . |
| 082 ## - DEWEY DECIMAL CLASSIFICATION NUMBER | |
| Classification number | 891.491421 WAS |
| 100 ## - MAIN ENTRY--PERSONAL NAME | |
| Personal name | Wasif Ali Wasif |
| 9 (RLIN) | 2946 |
| 245 ## - TITLE STATEMENT | |
| Title | Baharey baharolay |
| 260 ## - PUBLICATION, DISTRIBUTION, ETC. | |
| Place of publication, distribution, etc. | LAHORE |
| Name of publisher, distributor, etc. | KASHIF PUBLISHER |
| Date of publication, distribution, etc. | 1995 |
| 300 ## - PHYSICAL DESCRIPTION | |
| Extent | 127P |
| 650 ## - SUBJECT ADDED ENTRY--TOPICAL TERM | |
| Topical term or geographic name entry element | URDU ADAB-PUNJABI POETRY-WASIF ALI WASIF.PUNJABI POETRY-WASIF ALI WASIF |
| 9 (RLIN) | 61351 |
| 942 ## - ADDED ENTRY ELEMENTS (KOHA) | |
| Koha item type | Book |
| Source of classification or shelving scheme | |
| Withdrawn status | Lost status | Source of classification or shelving scheme | Damaged status | Not for loan | Permanent Location | Current Location | Shelving location | Date acquired | Shelving control number | Full call number | Barcode | Date last seen | Price effective from | Koha item type | Public note |
|---|---|---|---|---|---|---|---|---|---|---|---|---|---|---|---|
| College of Electrical & Mechanical Engineering (CEME) | College of Electrical & Mechanical Engineering (CEME) | Fiction | 07/20/2017 | Urdu Literature | 891.491421 WAS | CEME-37632 | 06/28/2021 | 06/28/2021 | Book | 1.0 |
